[Event "Verbandsliga Suedbaden 1819"]
[Site "Baden"]
[Date "2019.02.17"]
[Round "6.4"]
[White "Klumpp, Jochen"]
[Black "Feisst, Simon Anton"]
[Result "1-0"]
[WhiteElo "2077"]
[BlackElo "2138"]
[PlyCount "51"]
[EventDate "2018.10.14"]
[EventType "team-tourn"]
[EventRounds "9"]
[EventCountry "GER"]
[SourceTitle "EXT 2020"]
[Source "ChessBase"]
[SourceDate "2019.10.17"]
[SourceVersion "1"]
[SourceVersionDate "2019.10.17"]
[SourceQuality "1"]
[WhiteTeam "Kuppenheim"]
[BlackTeam "Baden-Baden IV"]
[WhiteTeamCountry "GER"]
[BlackTeamCountry "GER"]

1. Nf3 d5 2. g3 Nf6 3. Bg2 c5 4. 0-0 Nc6 5. d4 e6 6. c4 Be7 7. cxd5 Nxd5 8. dxc5 Qa5 9. Bd2 Qxc5 10. e4 Nb6 11. Bc3 0-0 12. Nbd2 Rd8 13. Rc1 Qh5 14. Ne5 Qxd1 15. Rfxd1 Bd7 16. Ndc4 Nxc4 17. Nxd7 Nd6 18. Nc5 e5 19. Rd5 Nb5 20. Nxb7 Nxc3 21. Rxc3 Rdc8 22. Bh3 Rc7 23. Na5 Nxa5 24. Rxc7 Bd8 25. Rcc5 Nb7 26. Rc8 1-0

[Event "Verbandsliga Suedbaden 1819"]
[Site "Baden"]
[Date "2018.11.04"]
[Round "2.4"]
[White "Neuner, Johannes"]
[Black "Feisst, Simon Anton"]
[Result "0-1"]
[WhiteElo "2061"]
[BlackElo "2138"]
[PlyCount "110"]
[EventDate "2018.10.14"]
[EventType "team-tourn"]
[EventRounds "9"]
[EventCountry "GER"]
[SourceTitle "EXT 2020"]
[Source "ChessBase"]
[SourceDate "2019.10.17"]
[SourceVersion "1"]
[SourceVersionDate "2019.10.17"]
[SourceQuality "1"]
[WhiteTeam "Zaehringen"]
[BlackTeam "Baden-Baden IV"]
[WhiteTeamCountry "GER"]
[BlackTeamCountry "GER"]

1. d4 Nf6 2. Nf3 d5 3. Bf4 e6 4. e3 Be7 5. Ne5 a6 6. Bd3 Nbd7 7. Nd2 c5 8. c3 Nxe5 9. dxe5 Nd7 10. Nf3 b6 11. h4 h6 12. Qe2 Bb7 13. Rd1 Qc7 14. h5 c4 15. Bc2 0-0-0 16. Kf1 Bc5 17. Rh3 Rhe8 18. Kg1 Bf8 19. Bh2 b5 20. Qd2 Nc5 21. Nd4 Nd7 22. f4 Qb6 23. Bg3 Kb8 24. Bh4 Rc8 25. Rg3 b4 26. Ba4 Rc7 27. a3 bxc3 28. Qxc3 Rec8 29. Bxd7 Rxd7 30. Kh2 Qc7 31. Rg4 Ka8 32. Rc1 Qb8 33. Qa5 Qc7 34. Qa4 Kb8 35. Be1 Qd8 36. Ba5 Qe8 37. Bb4 Bxb4 38. axb4 f6 39. Rg6 Qe7 40. exf6 gxf6 41. Rxf6 Qxf6 42. Qxd7 e5 43. Ne6 exf4 44. Qd6+ Ka7 45. b5 Qxb2 46. Nc7 f3 47. Rc2 Qb3 48. bxa6 Rxc7 49. Qxc7 Kxa6 50. Qd6+ Kb5 51. Rd2 c3 52. Rd3 Qc4 53. Rd4 Qc5 54. Qb8 Qc6 55. Qf8 Qc7+ 0-1

[Event "Verbandsliga Suedbaden 1819"]
[Site "Baden"]
[Date "2018.10.14"]
[Round "1.4"]
[White "Feisst, Simon Anton"]
[Black "Afraoui, Anaelle"]
[Result "0-1"]
[WhiteElo "2138"]
[BlackElo "2028"]
[PlyCount "70"]
[EventDate "2018.10.14"]
[EventType "team-tourn"]
[EventRounds "9"]
[EventCountry "GER"]
[SourceTitle "EXT 2020"]
[Source "ChessBase"]
[SourceDate "2019.10.17"]
[SourceVersion "1"]
[SourceVersionDate "2019.10.17"]
[SourceQuality "1"]
[WhiteTeam "Baden-Baden IV"]
[BlackTeam "Lahr"]
[WhiteTeamCountry "GER"]
[BlackTeamCountry "GER"]

1. d4 Nf6 2. Nf3 g6 3. Bf4 Bg7 4. h3 0-0 5. e3 d6 6. Be2 Nfd7 7. Nbd2 e5 8. Bg3 Nc6 9. c3 f5 10. Qb3+ Kh8 11. d5 Ne7 12. Bh4 Nc5 13. Qc2 a5 14. 0-0-0 Bd7 15. Rdg1 b5 16. g4 f4 17. Ne4 Nxe4 18. Qxe4 Ra6 19. Bxe7 Qxe7 20. h4 c6 21. c4 bxc4 22. h5 cxd5 23. Qxd5 g5 24. h6 Bf6 25. e4 Be6 26. Qb5 Qa7 27. Rd1 Rb8 28. Qa4 Qxf2 29. Rd2 Rab6 30. Qa3 c3 31. bxc3 Rb1+ 32. Kc2 Rxh1 33. Qxd6 Qb6 34. Qxb6 Rxb6 35. Nxe5 Rxh6 0-1

[Event "Baden-ch"]
[Site "Sasbach"]
[Date "2018.07.27"]
[Round "4"]
[White "Tschann, Stephan"]
[Black "Feisst, Simon Anton"]
[Result "1/2-1/2"]
[WhiteElo "2254"]
[BlackElo "2106"]
[PlyCount "107"]
[EventDate "2018.07.25"]
[EventType "swiss"]
[EventRounds "7"]
[EventCountry "GER"]
[SourceTitle "CBM 186 Extra"]
[Source "ChessBase"]
[SourceDate "2018.08.24"]
[SourceVersion "1"]
[SourceVersionDate "2018.08.24"]
[SourceQuality "1"]

1. Nf3 d5 2. d4 Nf6 3. c4 c6 4. e3 e6 5. Bd3 dxc4 6. Bxc4 b5 7. Bd3 a6 8. e4 c5 9. e5 Nd5 10. 0-0 Bb7 11. Nbd2 Nd7 12. Ne4 cxd4 13. Re1 Qb6 14. a3 h6 15. Bb1 Rc8 16. Ng3 a5 17. Qxd4 Bc5 18. Qd2 g5 19. Ne4 Nf4 20. b4 axb4 21. axb4 Be7 22. Bb2 Bd5 23. Ba2 Qb7 24. Bxd5 Qxd5 25. Qe3 Qd3 26. Nd6+ Bxd6 27. exd6 0-0 28. Qa7 Rfd8 29. Rad1 Nh3+ 30. Kh1 Qf5 31. Qd4 f6 32. Qe3 g4 33. Rd2 gxf3 34. gxh3 Kf7 35. Red1 Qxh3 36. Rg1 Rg8 37. Qa7 e5 38. Qa2+ Qe6 39. Qb1 f5 40. Qd3 e4 41. Qd4 Rg2 42. Rdd1 Rc4 43. Qh8 Qg6 44. h3 Rc6 45. Be5 Ke6 46. Bf4 Rc2 47. Qd8 Qg7 48. Qe8+ Kf6 49. Bg3 Qxg3 50. Qe7+ Kg6 51. Qe8+ Kf6 52. Qe7+ Kg6 53. Qe8+ Kf6 54. Qe7+ 1/2-1/2

[Event "Baden-ch"]
[Site "Sasbach"]
[Date "2018.07.26"]
[Round "2"]
[White "Schneider, Michael"]
[Black "Feisst, Simon Anton"]
[Result "0-1"]
[WhiteElo "2092"]
[BlackElo "2106"]
[PlyCount "62"]
[EventDate "2018.07.25"]
[EventType "swiss"]
[EventRounds "7"]
[EventCountry "GER"]
[SourceTitle "CBM 186 Extra"]
[Source "ChessBase"]
[SourceDate "2018.08.24"]
[SourceVersion "1"]
[SourceVersionDate "2018.08.24"]
[SourceQuality "1"]

1. Nf3 d5 2. d4 Nf6 3. g3 c6 4. Bg2 Bf5 5. 0-0 h6 6. c4 e6 7. Nc3 Nbd7 8. b3 Bb4 9. Bb2 0-0 10. a3 Bxc3 11. Bxc3 Ne4 12. Bb2 dxc4 13. bxc4 Qa5 14. Qb3 Rfd8 15. Rfd1 Rab8 16. Rac1 b5 17. Ba1 bxc4 18. Qxc4 Qxa3 19. Rd3 Qa5 20. Rb3 Rxb3 21. Qxb3 Rb8 22. Qe3 Ndf6 23. Qf4 Rb5 24. Ne5 g5 25. Qf3 Qa2 26. g4 Rb1 27. Rxb1 Qxb1+ 28. Bf1 Nd2 29. Qg2 Be4 30. f3 Qxa1 31. fxe4 Qxd4+ 0-1

[Event "Verbandsliga Suedbaden 1718"]
[Site "Baden"]
[Date "2018.03.11"]
[Round "7.7"]
[White "Klumpp, Jochen"]
[Black "Feisst, Simon Anton"]
[Result "1/2-1/2"]
[WhiteElo "2077"]
[BlackElo "2106"]
[PlyCount "45"]
[EventDate "2017.10.08"]
[EventType "team-tourn"]
[EventRounds "9"]
[EventCountry "GER"]
[SourceTitle "EXT 2019"]
[Source "ChessBase"]
[SourceDate "2018.10.10"]
[SourceVersion "1"]
[SourceVersionDate "2018.10.10"]
[SourceQuality "1"]
[WhiteTeam "Kuppenheim"]
[BlackTeam "Baden-Baden IV"]
[WhiteTeamCountry "GER"]
[BlackTeamCountry "GER"]

1. Nf3 d5 2. g3 g6 3. Bg2 Bg7 4. d4 Nf6 5. 0-0 0-0 6. c4 c6 7. cxd5 cxd5 8. Ne5 Nbd7 9. Nc3 Nxe5 10. dxe5 Ng4 11. Qxd5 Nxe5 12. Bg5 Nc6 13. Rfd1 Qb6 14. Qb5 Qxb5 15. Nxb5 Bxb2 16. Rab1 Be5 17. Rbc1 a6 18. Bxc6 axb5 19. Bxb5 Bd6 20. Rxd6 exd6 21. Be7 Be6 22. Bxf8 Kxf8 23. a4 1/2-1/2

[Event "Verbandsliga Suedbaden 1516"]
[Site "Baden"]
[Date "2016.01.24"]
[Round "5.1"]
[White "Feisst, Simon Anton"]
[Black "Ruff, Maximilian"]
[Result "0-1"]
[WhiteElo "2106"]
[BlackElo "2318"]
[PlyCount "168"]
[EventDate "2015.09.27"]
[EventType "team-tourn"]
[EventRounds "9"]
[EventCountry "GER"]
[SourceTitle "EXT 2022"]
[Source "ChessBase"]
[SourceDate "2021.10.06"]
[SourceVersion "1"]
[SourceVersionDate "2021.10.06"]
[SourceQuality "1"]
[WhiteTeam "Offenburg"]
[BlackTeam "Sasbach"]
[WhiteTeamCountry "GER"]
[BlackTeamCountry "GER"]

1. d4 Nf6 2. Nf3 c5 3. c3 b6 4. Bf4 Bb7 5. e3 g6 6. Nbd2 Bg7 7. Bd3 d6 8. Qe2 Nh5 9. Bg3 Nxg3 10. hxg3 Nd7 11. Ba6 Qc8 12. Bxb7 Qxb7 13. e4 cxd4 14. cxd4 Rc8 15. 0-0 0-0 16. Rac1 b5 17. Qd3 a6 18. b3 Rc7 19. Rxc7 Qxc7 20. a4 Qc6 21. axb5 axb5 22. Re1 Ra8 23. Qf1 Rc8 24. Qd3 Ra8 25. Qf1 Rc8 26. Qd3 Bh6 27. Qe2 Qc2 28. e5 dxe5 29. dxe5 Nc5 30. b4 Nd3 31. Rf1 Nxb4 32. e6 f6 33. Qxb5 Bxd2 34. Qd7 Qc7 35. Qxd2 Nc6 36. Rc1 Qd6 37. Qe3 Rd8 38. Re1 Nd4 39. Nxd4 Qxd4 40. Qe2 Qd2 41. Qe4 Rd4 42. Qa8+ Kg7 43. Kf1 Rd8 44. Qa7 Qd6 45. Kg1 Rb8 46. Qa4 Qb4 47. Qd1 Rd8 48. Qa1 Ra8 49. Qd1 Rd8 50. Qa1 Ra8 51. Qd1 Ra2 52. Rf1 Rd2 53. Qa1 Re2 54. Qa6 Qe4 55. Qa5 Qxe6 56. Qb4 Qe4 57. Qa5 Qe5 58. Qb4 Qb2 59. Qc5 Qd2 60. Qa7 Re1 61. Rxe1 Qxe1+ 62. Kh2 Qe5 63. Qd7 h5 64. Kg1 Kf7 65. Qa7 Qd6 66. Qa2+ Kg7 67. Qa7 Kf7 68. Qa2+ e6 69. Qa7+ Qe7 70. Qa8 e5 71. Qh8 Qf8 72. Qh7+ Qg7 73. Qxg7+ Kxg7 74. Kf1 Kf7 75. Ke2 Ke6 76. Ke3 f5 77. f3 Kd5 78. Kd3 e4+ 79. Ke3 Ke5 80. Kd2 Kd4 81. Ke2 e3 82. g4 hxg4 83. fxg4 fxg4 84. Ke1 Kd3 0-1

[Event "Verbandsliga Suedbaden 1516"]
[Site "Baden"]
[Date "2015.10.25"]
[Round "2.1"]
[White "Lerch, Patrice"]
[Black "Feisst, Simon Anton"]
[Result "1-0"]
[WhiteElo "2412"]
[BlackElo "2106"]
[PlyCount "31"]
[EventDate "2015.09.27"]
[EventType "team-tourn"]
[EventRounds "9"]
[EventCountry "GER"]
[SourceTitle "EXT 2022"]
[Source "ChessBase"]
[SourceDate "2021.10.06"]
[SourceVersion "1"]
[SourceVersionDate "2021.10.06"]
[SourceQuality "1"]
[WhiteTeam "Lahr"]
[BlackTeam "Offenburg"]
[WhiteTeamCountry "GER"]
[BlackTeamCountry "GER"]

1. e4 e5 2. Bc4 Nf6 3. d3 Bc5 4. Nf3 Nc6 5. 0-0 d6 6. Bb3 Bg4 7. h3 Bh5 8. Nc3 Nd4 9. g4 Nxg4 10. Nxd4 Qh4 11. Qf3 Nh6 12. Qg2 exd4 13. Nd5 Qd8 14. Bg5 f6 15. Bxh6 gxh6 16. Qg7 1-0

[Event "Baden-ch op"]
[Site "Badenweiler"]
[Date "2009.06.03"]
[Round "3"]
[White "Roes, Helge"]
[Black "Feisst, Simon Anton"]
[Result "1-0"]
[WhiteElo "2165"]
[BlackElo "2042"]
[PlyCount "53"]
[EventDate "2009.06.01"]
[EventType "swiss"]
[EventRounds "9"]
[EventCountry "GER"]
[SourceTitle "EXT 2010"]
[Source "ChessBase"]
[SourceDate "2010.11.25"]
[SourceVersion "1"]
[SourceVersionDate "2010.11.25"]
[SourceQuality "1"]

1. d4 Nf6 2. Nf3 d5 3. c4 e6 4. Nc3 Bb4 5. Bg5 h6 6. Bd2 0-0 7. e3 c5 8. a3 Bxc3 9. Bxc3 Nbd7 10. Bd3 b6 11. 0-0 Bb7 12. Qe2 Rc8 13. Rfe1 Re8 14. cxd5 exd5 15. Bf5 Rc7 16. Red1 Qe7 17. Rac1 Ne4 18. dxc5 Ndxc5 19. Be5 Ba6 20. Qe1 Nd3 21. Rxc7 Nxe1 22. Rxe7 Nxf3+ 23. gxf3 Rxe7 24. Rxd5 Nf6 25. Rd8+ Ne8 26. Bd6 Kf8 27. Bd7 1-0

[Event "Baden-ch op"]
[Site "Badenweiler"]
[Date "2009.06.01"]
[Round "1"]
[White "Kupfer, Michael"]
[Black "Feisst, Simon Anton"]
[Result "0-1"]
[WhiteElo "2215"]
[BlackElo "2042"]
[PlyCount "70"]
[EventDate "2009.06.01"]
[EventType "swiss"]
[EventRounds "9"]
[EventCountry "GER"]
[SourceTitle "EXT 2010"]
[Source "ChessBase"]
[SourceDate "2010.11.25"]
[SourceVersion "1"]
[SourceVersionDate "2010.11.25"]
[SourceQuality "1"]

1. e4 e5 2. Nf3 Nc6 3. Bc4 Be7 4. d3 Nf6 5. Nc3 d6 6. h3 Na5 7. Bb3 Nxb3 8. axb3 h6 9. d4 exd4 10. Qxd4 a6 11. Be3 Be6 12. Rd1 c5 13. Qd3 Qa5 14. 0-0 Rd8 15. Nd5 Nxd5 16. exd5 Bc8 17. Rfe1 Qc7 18. b4 0-0 19. bxc5 dxc5 20. c4 Bd6 21. Bd2 Qd7 22. g4 g5 23. Bc3 f5 24. Re6 Qh7 25. Rde1 Bxe6 26. Rxe6 Rf7 27. gxf5 Qxf5 28. Rxh6 Kf8 29. Qe3 Re7 30. Rh8+ Kf7 31. Nxg5+ Kg6 32. Ne6 Rxh8 33. Bxh8 Rh7 34. Be5 Bxe5 35. f4 Bd4 0-1